Normal view
MARC view
Entry Personal Name
001 - CONTROL NUMBER
- control field: 22598
003 - CONTROL NUMBER IDENTIFIER
- control field: ARRUPE
005 - DATE AND TIME OF LATEST TRANSACTION
- control field: 20160301090157.0
008 - FIXED-LENGTH DATA ELEMENTS
- fixed length control field: 160301|| aca||aabn | a|a d
040 ## - CATALOGING SOURCE
- Original cataloging agency: ARRUPE
- Transcribing agency: ARRUPE
100 ## - HEADING--PERSONAL NAME
- Personal name: Freud, Sigmund,
- Dates associated with a name: 1856-1939.
670 ## - SOURCE DATA FOUND
- Source citation: Work cat.: (ARRUPE)0: Meissner, W. W. (William W.), 1931- 22596, Freud & psychoanalysis /, c2000.